Оптимизация погружного трансформатора; Энергетика, электромеханика и энергоэффективные технологии глазами молодежи

Manylion Llyfryddiaeth
Parent link:Энергетика, электромеханика и энергоэффективные технологии глазами молодежи.— 2015.— [С. 79-82]
Prif Awdur: Динь Конг Кюи
Awdur Corfforaethol: Национальный исследовательский Томский политехнический университет
Crynodeb:Заглавие с титульного экрана
Iaith:Rwseg
Cyhoeddwyd: 2015
Cyfres:Энергоэффективные технологии в электромеханике
Pynciau:
Mynediad Ar-lein:http://earchive.tpu.ru/handle/11683/19717
http://www.lib.tpu.ru/fulltext/c/2015/C50/023.pdf
Fformat: MixedMaterials Electronig Pennod Llyfr
KOHA link:https://koha.lib.tpu.ru/cgi-bin/koha/opac-detail.pl?biblionumber=615295

MARC

LEADER 00000naa2a2200000 4500
001 615295
005 20231102023535.0
035 |a (RuTPU)RU\TPU\conf\13494 
035 |a RU\TPU\conf\13493 
090 |a 615295 
100 |a 20151103d2015 k y0rusy50 ca 
101 0 |a rus 
102 |a RU 
105 |a y z 101zy 
135 |a drcn ---uucaa 
181 0 |a i  
182 0 |a b 
200 1 |a Оптимизация погружного трансформатора  |f Динь Конг Кюи 
203 |a Текст  |c электронный 
225 1 |a Энергоэффективные технологии в электромеханике 
230 |a 1 компьютерный файл (pdf; 408 Кb) 
300 |a Заглавие с титульного экрана 
320 |a [Библиогр.: с. 82 (4 назв.)] 
337 |a Adobe Reader 
463 0 |0 (RuTPU)RU\TPU\conf\13454  |t Энергетика, электромеханика и энергоэффективные технологии глазами молодежи  |o материалы III российской молодежной научной школы-конференции, г.Томск, 21-23 октября 2015 г.  |f Национальный исследовательский Томский политехнический университет (ТПУ) ; Российский фонд фундаментальных исследований (РФФИ) ; ред. кол. Е. П. Богданов , Т. В. Усачева  |v [С. 79-82]  |d 2015 
610 1 |a труды учёных ТПУ 
610 1 |a электронный ресурс 
610 1 |a оптимизация 
610 1 |a трансформаторы 
610 1 |a подводные аппараты 
610 1 |a системы электропитания 
610 1 |a обмотки 
700 0 |a Динь Конг Кюи 
712 0 2 |a Национальный исследовательский Томский политехнический университет  |c (2009- )  |2 stltpush  |3 (RuTPU)RU\TPU\col\15902  |9 26305 
801 2 |a RU  |b 63413507  |c 20210211  |g RCR 
856 4 |u http://earchive.tpu.ru/handle/11683/19717 
856 4 |u http://www.lib.tpu.ru/fulltext/c/2015/C50/023.pdf 
942 |c BK